| 000 | 00402nam a2200169Ia 4500 | ||
|---|---|---|---|
| 008 | 210210b1909 xxu||||| |||| 00| 0 eng d | ||
| 041 | _aeng | ||
| 082 | _a515/29 | ||
| 100 | _aDUPUIS (N F) | ||
| 245 | _aElementary synthetic geometry | ||
| 260 |
_aNew York _bThe Macmillan Co _c1909 |
||
| 650 | _asynthetic | ||
| 650 | _ageometry | ||
| 650 | _aElementary | ||
| 690 | _aGeometry | ||
| 906 | _a007595 | ||
| 999 |
_c140135 _d140135 |
||